[Event "Aragon-ch Seniors 65+"]
[Site "Zaragoza"]
[Date "2018.04.28"]
[Round "2"]
[White "Pellicer Sancho, Rafael Jose"]
[Black "Obis Sanchez, Joaquin"]
[Result "1-0"]
[WhiteElo "1750"]
[BlackElo "1252"]
[PlyCount "53"]
[EventDate "2018.04.21"]
[EventType "swiss"]
[EventRounds "8"]
[EventCountry "ESP"]
[SourceTitle "EXT 2020"]
[Source "ChessBase"]
[SourceDate "2019.10.17"]
[SourceVersion "1"]
[SourceVersionDate "2019.10.17"]
[SourceQuality "1"]

1. d4 d5 2. c4 e6 3. e3 Nf6 4. Nc3 Be7 5. Nf3 0-0 6. Bd3 dxc4 7. Bxc4 a6 8. 0-0 b5 9. Bd3 Bb7 10. a3 c5 11. dxc5 Bxc5 12. Qe2 Nc6 13. Rd1 Qe7 14. b4 Ba7 15. Bb2 Rfd8 16. Qc2 e5 17. Ne4 Nxe4 18. Bxe4 Rxd1+ 19. Rxd1 Rc8 20. Qb1 f6 21. Bxh7+ Kf8 22. Bf5 Rc7 23. Nh4 Ke8 24. Bg6+ Kf8 25. Bh5 Kg8 26. Qa2+ Kh7 27. Bg6+ 1-0

[Event "Aragon-ch Seniors-B"]
[Site "Zaragoza"]
[Date "2017.05.13"]
[Round "4"]
[White "Navarro Rubio, Rafael"]
[Black "Pellicer Sancho, Rafael Jose"]
[Result "1-0"]
[WhiteElo "1651"]
[BlackElo "1705"]
[PlyCount "111"]
[EventDate "2017.04.22"]
[EventType "swiss"]
[EventRounds "8"]
[EventCountry "ESP"]
[SourceTitle "EXT 2019"]
[Source "ChessBase"]
[SourceDate "2018.10.10"]
[SourceVersion "1"]
[SourceVersionDate "2018.10.10"]
[SourceQuality "1"]

1. d4 Nf6 2. Nc3 g6 3. e4 d6 4. Bg5 Bg7 5. e5 dxe5 6. dxe5 Qxd1+ 7. Rxd1 Ng8 8. f4 c6 9. Bc4 Bf5 10. Rd2 Nd7 11. Nf3 b5 12. Bb3 a5 13. a4 b4 14. Nd1 Nc5 15. Nf2 Nxb3 16. cxb3 Bh6 17. 0-0 Be6 18. Nd4 Bd5 19. Rc1 Rc8 20. Rc5 f6 21. Bxh6 Nxh6 22. Rxa5 c5 23. Rc2 fxe5 24. fxe5 e6 25. Rcxc5 Rxc5 26. Rxc5 Kd7 27. Rb5 Rc8 28. h3 Rc1+ 29. Kh2 Rf1 30. Ng4 Nxg4+ 31. hxg4 Rf2 32. Rxb4 Rxg2+ 33. Kh3 Rxb2 34. Rb6 Rd2 35. Rd6+ Kc8 36. Nxe6 Bg2+ 37. Kg3 Rxd6 38. exd6 Bc6 39. Nc5 h5 40. gxh5 gxh5 41. b4 Bxa4 42. Nxa4 Kd7 43. Kh4 Kxd6 44. Kxh5 Kc6 45. Nc3 Kd6 46. Kg5 Ke5 47. Kg4 Ke6 48. Kf4 Kd6 49. Ke4 Ke6 50. Kd4 Kd6 51. b5 Kc7 52. Kc5 Kb7 53. Nd5 Kc8 54. Kc6 Kb8 55. Kb6 Ka8 56. Kc7 1-0

[Event "Aragon-chT Preferente B"]
[Site "Aragon"]
[Date "2013.03.16"]
[Round "8.63"]
[White "Pellicer Sancho, Rafael Jose"]
[Black "Bayod Rubia, Angel"]
[Result "1/2-1/2"]
[WhiteElo "1733"]
[BlackElo "2024"]
[PlyCount "107"]
[EventDate "2013.01.26"]
[EventType "team"]
[EventRounds "9"]
[EventCountry "ESP"]
[SourceTitle "EXT 2014"]
[Source "ChessBase"]
[SourceDate "2013.11.20"]
[SourceVersion "1"]
[SourceVersionDate "2013.11.20"]
[SourceQuality "1"]
[WhiteTeam "IberCaja III"]
[BlackTeam "El Olivar II"]
[WhiteTeamCountry "ESP"]
[BlackTeamCountry "ESP"]

1. d4 c5 2. d5 e5 3. dxe6 fxe6 4. e4 Nc6 5. Nf3 Be7 6. e5 d6 7. exd6 Qxd6 8. Qxd6 Bxd6 9. Nc3 a6 10. Be3 Nf6 11. 0-0-0 Be7 12. Na4 Nd7 13. Bg5 b5 14. Bxe7 Nxe7 15. Nc3 Nf6 16. Ne5 Ned5 17. Nxd5 exd5 18. Nd3 0-0 19. Nxc5 Ne4 20. Nd3 Nxf2 21. Nxf2 Rxf2 22. Rd2 Rf5 23. g4 Re5 24. Bg2 Bb7 25. h4 Rf8 26. Rhd1 Rf4 27. Rd4 Rxd4 28. Rxd4 g5 29. hxg5 Rxg5 30. Bf3 Kf7 31. Kd2 Ke6 32. a4 Bc6 33. axb5 axb5 34. Rf4 Rg7 35. Rf8 Ke5 36. Kd3 Bd7 37. Rh8 Be6 38. Re8 Rg6 39. c3 Kf4 40. Rf8+ Kg3 41. Kd4 Bxg4 42. Bxd5 h5 43. Rh8 h4 44. Be4 Rg5 45. c4 bxc4 46. Kxc4 h3 47. b4 Be2+ 48. Kd4 Bf1 49. Bc6 Bg2 50. b5 h2 51. Bxg2 Kxg2 52. Kc4 h1Q 53. Rxh1 Kxh1 54. b6 1/2-1/2

[Event "Aragon-chT Preferente B"]
[Site "Aragon"]
[Date "2013.02.23"]
[Round "5.56"]
[White "Ciriano Lamban, Alejandro"]
[Black "Pellicer Sancho, Rafael Jose"]
[Result "1-0"]
[WhiteElo "1793"]
[BlackElo "1733"]
[PlyCount "183"]
[EventDate "2013.01.26"]
[EventType "team"]
[EventRounds "9"]
[EventCountry "ESP"]
[SourceTitle "EXT 2014"]
[Source "ChessBase"]
[SourceDate "2013.11.20"]
[SourceVersion "1"]
[SourceVersionDate "2013.11.20"]
[SourceQuality "1"]
[WhiteTeam "Marcos Frechin"]
[BlackTeam "IberCaja III"]
[WhiteTeamCountry "ESP"]
[BlackTeamCountry "ESP"]

1. Nf3 Nf6 2. d4 d5 3. g3 g6 4. Bg2 Bg7 5. 0-0 0-0 6. c4 c6 7. Nc3 Bf5 8. cxd5 cxd5 9. Ne5 Ne4 10. Qb3 Nxc3 11. bxc3 Nc6 12. Bf4 Nxe5 13. Bxe5 Bxe5 14. dxe5 Qc7 15. Qxd5 Qxc3 16. Rac1 Qb2 17. Qxb7 Qxe5 18. Qc7 Qxc7 19. Rxc7 Rab8 20. Rxa7 Rb2 21. Rxe7 Rxa2 22. Rc1 Be6 23. Bf3 Rd8 24. Rec7 Rad2 25. h4 Bh3 26. Kh2 Be6 27. R7c2 R2d4 28. Ra1 h5 29. Ra8 Kg7 30. Rxd8 Rxd8 31. Kg2 Kf6 32. Be4 Ke5 33. Bd3 Kf6 34. f3 Kg7 35. Kf2 Rd6 36. Rc7 Rd7 37. Rxd7 Bxd7 38. Ke3 Kf6 39. Kf4 Be6 40. e4 Bb3 41. Bb5 Bd1 42. Bc4 Ba4 43. e5+ Kg7 44. Kg5 Bd7 45. Bd5 Bf5 46. Be4 Be6 47. f4 Bg4 48. f5 gxf5 49. Bxf5 Be2 50. Be4 Bg4 51. Kf4 Kh6 52. Bd5 Kg6 53. Be4+ Kh6 54. Bd3 Be6 55. Bc2 Bg4 56. Bb3 Kg6 57. Bc2+ Kh6 58. Bf5 Bd1 59. Bd7 Kg6 60. Be8 Bg4 61. Bc6 Be6 62. Bf3 Kh6 63. g4 hxg4 64. Bxg4 Bb3 65. Ke4 Kg6 66. Kd4 Ba2 67. Kc5 Bb3 68. Kd6 Bc4 69. Ke7 Kg7 70. Bd7 Bb3 71. Be8 Bc4 72. h5 Bb3 73. Bxf7 Bd1 74. Bg6 Bg4 75. Ke8 Be6 76. Ke7 Bg4 77. Bf7 Be2 78. h6+ Kxh6 79. Kf6 Bg4 80. Be6 Be2 81. Bd5 Bg4 82. Be4 Bd7 83. Bf5 Bb5 84. e6 Be8 85. e7 Bb5 86. Bd3 Be8 87. Bf5 Bh5 88. Bd7 Kh7 89. Kg5 Bf7 90. Kf6 Bh5 91. Bf5+ Kg8 92. Bg6 1-0

[Event "Zaragoza Casablanca op 5th"]
[Site "Zaragoza"]
[Date "2011.12.23"]
[Round "1"]
[White "Pellicer Sancho, Rafael Jose"]
[Black "Forcen Esteban, Daniel"]
[Result "0-1"]
[WhiteElo "1746"]
[BlackElo "2410"]
[PlyCount "42"]
[EventDate "2011.12.23"]
[EventType "swiss"]
[EventRounds "9"]
[EventCountry "ESP"]
[SourceTitle "CBM 146 Extra"]
[Source "ChessBase"]
[SourceDate "2012.02.29"]
[SourceVersion "1"]
[SourceVersionDate "2012.02.29"]
[SourceQuality "1"]

1. d4 Nf6 2. c4 c5 3. d5 e6 4. dxe6 fxe6 5. Nc3 d5 6. e3 d4 7. Nce2 Nc6 8. exd4 cxd4 9. Nf3 e5 10. Ng3 e4 11. Ng5 Bb4+ 12. Bd2 e3 13. fxe3 Ng4 14. Bxb4 Qxg5 15. Bd6 Nxe3 16. Qe2 Bg4 17. Qd3 0-0-0 18. Ne4 Qg6 19. Qb1 Nxf1 20. Rxf1 Rhe8 21. Rf4 Bf5 0-1

[Event "Zaragoza Casablanca op 4th"]
[Site "Zaragoza"]
[Date "2010.12.23"]
[Round "1.1"]
[White "Cifuentes Parada, Roberto"]
[Black "Pellicer Sancho, Rafael Jose"]
[Result "1-0"]
[WhiteElo "2508"]
[BlackElo "1814"]
[PlyCount "103"]
[EventDate "2010.12.23"]
[EventType "swiss"]
[EventRounds "9"]
[EventCountry "ESP"]
[SourceTitle "CBM 140 Extra"]
[Source "ChessBase"]
[SourceDate "2011.03.01"]
[SourceVersion "1"]
[SourceVersionDate "2011.03.01"]
[SourceQuality "1"]

1. d4 Nf6 2. Nf3 d5 3. c4 e6 4. e3 c5 5. cxd5 exd5 6. Nc3 Nc6 7. Bb5 a6 8. Bxc6+ bxc6 9. 0-0 c4 10. b3 cxb3 11. Qxb3 Bd6 12. Ba3 0-0 13. Ne5 Qc7 14. Bxd6 Qxd6 15. Rfc1 Nd7 16. Nxd7 Bxd7 17. Na4 Rab8 18. Qc2 g6 19. Qc5 Qc7 20. Nc3 Qb6 21. Qxb6 Rxb6 22. Rab1 Rfb8 23. Rxb6 Rxb6 24. Rb1 Rxb1+ 25. Nxb1 Bf5 26. Nc3 Bd3 27. h4 h5 28. f3 Bc4 29. a3 f5 30. Kf2 Kf7 31. Kg3 Bf1 32. Na4 Kf6 33. Nc5 g5 34. hxg5+ Kxg5 35. Ne6+ Kf6 36. Nd8 Bb5 37. Kh4 Ke7 38. Nb7 Bf1 39. g3 Be2 40. Kxh5 Bxf3+ 41. Kg5 Bg4 42. a4 a5 43. Nxa5 Kd6 44. Nb7+ Kc7 45. Nc5 Kb6 46. Nd7+ Kb7 47. Ne5 Bh3 48. a5 Kc7 49. a6 Kb6 50. a7 Kxa7 51. Nxc6+ Kb7 52. Ne7 1-0

[Event "Aragon-ch Primera"]
[Site "Spain"]
[Date "2009.??.??"]
[Round "6"]
[White "Arteaga, Francisco Javier"]
[Black "Pellicer Sancho, Rafael Jose"]
[Result "0-1"]
[WhiteElo "1630"]
[BlackElo "1802"]
[PlyCount "152"]
[EventDate "2009.??.??"]
[EventType "swiss"]
[EventRounds "9"]
[EventCountry "ESP"]
[SourceTitle "EXT 2013"]
[Source "ChessBase"]
[SourceDate "2012.11.22"]
[SourceVersion "1"]
[SourceVersionDate "2012.11.22"]
[SourceQuality "1"]

1. d4 Nf6 2. c4 d5 3. Nc3 c6 4. Nf3 g6 5. Bg5 Bg7 6. e3 0-0 7. Bd3 Na6 8. Ne5 Ne4 9. Nf3 Nxg5 10. Nxg5 e5 11. Nh3 exd4 12. Na4 dxe3 13. 0-0 Bxh3 14. gxh3 exf2+ 15. Kh1 dxc4 16. Bxc4 Qxd1 17. Raxd1 Rad8 18. Bxa6 Rxd1 19. Rxd1 bxa6 20. Kg2 Be5 21. Rd2 f1Q+ 22. Kxf1 Rb8 23. b3 Rc8 24. Nc5 a5 25. Kg2 Bc7 26. h4 Rd8 27. Re2 Rd5 28. Ne4 Kg7 29. Ng5 Bd6 30. Rf2 f5 31. Re2 Re5 32. Rd2 Rd5 33. Re2 Bb4 34. Ne6+ Kf6 35. Ng5 h6 36. Re6+ Kg7 37. Nf3 Bd6 38. h3 c5 39. h5 gxh5 40. Kf2 a4 41. Ke2 axb3 42. axb3 f4 43. Re8 Bf8 44. Re4 Rf5 45. Ra4 Rf7 46. Ra6 Rb7 47. Nd2 Be7 48. Kf3 Rd7 49. Ke2 Bd8 50. Nc4 Rb7 51. Nd2 Bb6 52. Kf3 Rd7 53. Ke2 Kg6 54. Nc4 Kg5 55. Nxb6 Rd6 56. Rxa7 Rxb6 57. Ra3 Re6+ 58. Kf3 Re3+ 59. Kg2 Kh4 60. Ra5 Rc3 61. Ra6 Rxb3 62. Rxh6 Rg3+ 63. Kf2 Rg5 64. Rf6 Kxh3 65. Rxf4 h4 66. Rc4 Rd5 67. Kf3 Rf5+ 68. Ke2 Kg3 69. Rc1 Kg2 70. Rc4 h3 71. Rg4+ Kh2 72. Rg8 c4 73. Kd2 Rf3 74. Ke2 Rg3 75. Rf8 c3 76. Kd1 Kh1 0-1

[Event "Aragon-ch Primera"]
[Site "Spain"]
[Date "2009.??.??"]
[Round "4"]
[White "Palacin Algas, Angel"]
[Black "Pellicer Sancho, Rafael Jose"]
[Result "1-0"]
[WhiteElo "1910"]
[BlackElo "1802"]
[PlyCount "45"]
[EventDate "2009.??.??"]
[EventType "swiss"]
[EventRounds "9"]
[EventCountry "ESP"]
[SourceTitle "EXT 2013"]
[Source "ChessBase"]
[SourceDate "2012.11.22"]
[SourceVersion "1"]
[SourceVersionDate "2012.11.22"]
[SourceQuality "1"]

1. e4 c5 2. Nc3 d6 3. g3 Nf6 4. Bg2 Bg4 5. Nge2 Nc6 6. h3 Bd7 7. 0-0 e5 8. d3 Qc8 9. Kh2 h6 10. f4 Be7 11. Nd5 Bd8 12. Nec3 Nb4 13. fxe5 Nfxd5 14. exd5 dxe5 15. a3 Na6 16. Qh5 0-0 17. Qxe5 Nc7 18. Ne4 Ne8 19. Be3 b6 20. d6 Bc6 21. b4 Bxe4 22. Bxe4 Rb8 23. d7 1-0

[Event "Aragon-ch Primera"]
[Site "Spain"]
[Date "2009.??.??"]
[Round "2"]
[White "Pellicer Sancho, Rafael Jose"]
[Black "Aviol Perez, Jose Mariano"]
[Result "1-0"]
[WhiteElo "1802"]
[BlackElo "1886"]
[PlyCount "73"]
[EventDate "2009.??.??"]
[EventType "swiss"]
[EventRounds "9"]
[EventCountry "ESP"]
[SourceTitle "EXT 2013"]
[Source "ChessBase"]
[SourceDate "2012.11.22"]
[SourceVersion "1"]
[SourceVersionDate "2012.11.22"]
[SourceQuality "1"]

1. e4 d6 2. d4 Nf6 3. Nc3 g6 4. Be3 Bg7 5. Nf3 c6 6. Qd2 b5 7. Bd3 Nbd7 8. Bh6 Bxh6 9. Qxh6 b4 10. Ne2 c5 11. e5 Nd5 12. e6 N7f6 13. exf7+ Kd7 14. dxc5 Qf8 15. Bb5+ Kc7 16. cxd6+ exd6 17. Qxf8 Rxf8 18. Bc4 Rxf7 19. Rd1 Bb7 20. 0-0 Re7 21. Ned4 Rae8 22. Nb5+ Kd7 23. Nxa7 Ra8 24. Nb5 Re4 25. Bb3 Rg4 26. c4 Rxg2+ 27. Kxg2 Nf4+ 28. Kg3 Ne2+ 29. Kh4 Bxf3 30. Nd4 g5+ 31. Kxg5 Ne4+ 32. Kh6 Nf4 33. Nxf3 Ra5 34. Rd5 Nxd5 35. cxd5 Nf6 36. Rg1 Nxd5 37. Rg5 1-0

[Event "Calvia Seniors op"]
[Site "Calvia"]
[Date "2006.10.26"]
[Round "7"]
[White "Feiguelman, Boris"]
[Black "Pellicer Sancho, Rafael Jose"]
[Result "1-0"]
[WhiteElo "2092"]
[BlackElo "1961"]
[PlyCount "97"]
[EventDate "2006.10.20"]
[EventType "swiss"]
[EventRounds "9"]
[EventCountry "ESP"]
[SourceTitle "EXT 2007"]
[Source "ChessBase"]
[SourceDate "2006.11.23"]
[SourceVersion "1"]
[SourceVersionDate "2006.11.23"]
[SourceQuality "1"]

1. e4 g6 2. d4 Bg7 3. Nc3 d5 4. exd5 Nf6 5. Bc4 Nbd7 6. Nge2 Nb6 7. Bb3 Nbxd5 8. Nxd5 Nxd5 9. c3 e6 10. 0-0 0-0 11. Nf4 Nf6 12. Be3 b6 13. Qf3 Rb8 14. Rad1 Bb7 15. Qh3 Be4 16. f3 Bb7 17. c4 c6 18. Ne2 Nh5 19. g4 Nf6 20. Bg5 Re8 21. Qh4 h6 22. Bxh6 Nh7 23. Qxd8 Rbxd8 24. Bxg7 Kxg7 25. h4 Nf6 26. Kf2 Rd7 27. g5 Nh5 28. Rfe1 Red8 29. Ke3 Kf8 30. f4 Ng7 31. Ng3 Ke7 32. c5 Rh8 33. Rh1 Ne8 34. h5 gxh5 35. Rxh5 Rg8 36. Rdh1 Nc7 37. Ne4 Rdd8 38. Nd6 Rxd6 39. cxd6+ Kxd6 40. Rh8 Rc8 41. Rxc8 Bxc8 42. Rh7 Bd7 43. Rxf7 Be8 44. Rxc7 Kxc7 45. Bxe6 Kd6 46. f5 Bh5 47. Kf4 Be8 48. Bb3 b5 49. g6 1-0

[Event "Aragon-ch Seniors"]
[Site "Spain"]
[Date "2005.??.??"]
[Round "5"]
[White "Pellicer Sancho, Rafael Jose"]
[Black "Navarro Castan, Jesus"]
[Result "1/2-1/2"]
[WhiteElo "1957"]
[BlackElo "1889"]
[PlyCount "82"]
[EventDate "2005.??.??"]
[EventType "swiss"]
[EventRounds "9"]
[EventCountry "ESP"]
[SourceTitle "EXT 2007"]
[Source "ChessBase"]
[SourceDate "2006.11.23"]
[SourceVersion "1"]
[SourceVersionDate "2006.11.23"]
[SourceQuality "1"]

1. e4 c5 2. Nf3 d6 3. d4 cxd4 4. Nxd4 Nf6 5. Nc3 a6 6. Bg5 e6 7. Bd3 Be7 8. Nf3 Qc7 9. Qd2 b5 10. a3 Bb7 11. Bf4 Nbd7 12. 0-0 0-0 13. Be3 Nb6 14. h3 Nc4 15. Qc1 Rac8 16. Bd2 Rfd8 17. Re1 Nd7 18. Bg5 f6 19. Bf4 e5 20. Bg3 Ndb6 21. Nd1 d5 22. exd5 Bxd5 23. Bf5 Rb8 24. Ne3 Nxe3 25. Rxe3 Nc4 26. Rc3 Qb7 27. b3 Nd6 28. Bg4 f5 29. Bh5 g6 30. Bxg6 hxg6 31. Qh6 Bf8 32. Qxg6+ Qg7 33. Qxg7+ Bxg7 34. Bxe5 Bxf3 35. Bxg7 Kxg7 36. Rxf3 Rbc8 37. c3 Kg6 38. a4 Ne4 39. axb5 axb5 40. Ra6+ Rd6 41. Rg3+ Kf6 1/2-1/2

[Event "Aragon-ch Seniors"]
[Site "Spain"]
[Date "2005.??.??"]
[Round "2"]
[White "Pellicer Sancho, Rafael Jose"]
[Black "Sanz Navarro, Alberto"]
[Result "1/2-1/2"]
[WhiteElo "1957"]
[BlackElo "1863"]
[PlyCount "127"]
[EventDate "2005.??.??"]
[EventType "swiss"]
[EventRounds "9"]
[EventCountry "ESP"]
[SourceTitle "EXT 2007"]
[Source "ChessBase"]
[SourceDate "2006.11.23"]
[SourceVersion "1"]
[SourceVersionDate "2006.11.23"]
[SourceQuality "1"]

1. e4 e5 2. Nf3 d6 3. Bc4 Nc6 4. Nc3 Na5 5. Be2 Be6 6. d4 Be7 7. dxe5 f6 8. exd6 cxd6 9. 0-0 Rc8 10. Nd4 Bf7 11. Nf5 g6 12. Ng3 h5 13. h3 h4 14. Nh1 Nc6 15. Bg4 Rb8 16. Nd5 Ne5 17. Be2 g5 18. Ne3 Nh6 19. Nf5 Rc8 20. c3 Qd7 21. Nxh6 Rxh6 22. f4 gxf4 23. Bxf4 Rh8 24. Nf2 Rc5 25. Nd3 Nxd3 26. Bxd3 Rg8 27. Kh2 d5 28. Qe2 dxe4 29. Bxe4 Bc4 30. Qd1 Bxf1 31. Qxd7+ Kxd7 32. Rxf1 Rb5 33. b4 f5 34. Bd3 Rb6 35. Bxf5+ Ke8 36. Rd1 Rf6 37. Bd7+ Kf7 38. Rd4 Rd8 39. a4 Kg6 40. Be5 Bd6 41. Bxd6 Rxd7 42. Rg4+ Kh5 43. Be5 Rg6 44. Rxg6 Kxg6 45. Bd4 a6 46. g3 hxg3+ 47. Kxg3 Kf5 48. b5 axb5 49. axb5 b6 50. h4 Rd5 51. Bxb6 Rd3+ 52. Kf2 Rxc3 53. Bd8 Kg4 54. b6 Rb3 55. Ke2 Kf4 56. Kd2 Ke4 57. Kc2 Rb5 58. Kc3 Kd5 59. Kd3 Kc6 60. Ke3 Kd7 61. Bc7 Rb4 62. h5 Rh4 63. Bf4 Rxh5 64. b7 1/2-1/2